00963cam a22002534a 450000100090000000300040000900500170001300800410003001000170007102000180008804000180010604200080012405000210013208200230015310000300017624500930020626000510029930000340035050400640038465000480044870000300049685600910052685600920061713927297OSt20210702140233.0050412s2005 nyua b 001 0 eng  a 2005047096 a9781107657465 aDLCcDLCdDLC apcc00aQA374b.P54 200500a515.353222bPIN/I1 aPinchover, Yehuda,d1953-10aIntroduction to partial differential equations /cYehuda Pinchover and Jacob Rubinstein. aNew York :bCambridge University Press,c2005. axii, 371 p. :bill. ;c26 cm. aIncludes bibliographical references (p. 364-365) and index. 0aDifferential equations, PartialvTextbooks.1 aRubinstein, Jacob,d1955-423Publisher descriptionuhttp://www.loc.gov/catdir/enhancements/fy0632/2005047096-d.html413Table of contents onlyuhttp://www.loc.gov/catdir/enhancements/fy0632/2005047096-t.html